00997nam a2200289 a 4500001001000000003000500010005001700015008004100032010001100073011001100084040000900095090001000104100003500114245010700149260004100256300001500297502006000312590003900372650004300411650002900454650004600483901000700529942001000536942000600546999001900552952013600571000110422CHAP20220329144132.0140827s2007 mx | |rm |0|||||spa|d a106884 a107856 cCHAP aTesis1 aBernaus López, Irene912792910aMetales pesados y sales solubles en suelos acondicionados con biosolidos /cpor Irene Bernaus López.3 aChapingo, Méx. :bEl autor,c2007. aix, 100 h. aTesis (Ing. Agrónomo) -- UACH. Departamento de Suelos aE792CSJb05c20140827lUCH01h084514aAguas residualesxPurificación9258814aLodos residuales.96742714aMetales pesadosxEfecto en suelos.975172 aBK cTESIS n0 c106884d106884 00104054718TESISaBCbBCd2014-08-27fTESISl0oTesisp33724002418611r2019-12-31 00:00:00w2019-12-31yTESISzRecien adquirido